Quatre portraits de femmes (Record no. 172378)

MARC details
000 -LEADER
campo de control de longitud fija 00859nam a2200217 i 4500
001 - NÚMERO DE CONTROL
campo de control 172378
003 - IDENTIFICADOR DE NÚMERO DE CONTROL
campo de control ES-MaACL
005 - FECHA Y HORA DE LA ÚLTIMA TRANSACCIÓN
campo de control 20230906214907.0
008 - DATOS DE LONGITUD FIJA--INFORMACIÓN GENERAL
campo de control de longitud fija 090629s1895 fr |||| | fre d
080 ## - NÚMERO DE LA CLASIFICACIÓN DECIMAL UNIVERSAL
Número de la Clasificación Decimal Universal 272(410)
080 ## - NÚMERO DE LA CLASIFICACIÓN DECIMAL UNIVERSAL
Número de la Clasificación Decimal Universal 282(410)
100 1# - ENTRADA PRINCIPAL--NOMBRE DE PERSONA
Nombre de persona Courson, Comtesse Roger de.
9 (RLIN) 140888
245 10 - MENCIÓN DEL TÍTULO
Título Quatre portraits de femmes
Resto del título : épisodes des persécutions d'Angleterre /
Mención de responsabilidad, etc. par la Ctesse R. de Courson.
260 ## - PUBLICACIÓN, DISTRIBUCIÓN, ETC.
Lugar de publicación, distribución, etc. Paris :
Nombre del editor, distribuidor, etc. Firmin-Didot,
Fecha de publicación, distribución, etc. 1895.
300 ## - DESCRIPCIÓN FÍSICA
Extensión XII, 455 p., [2] h. de lám. ;
Dimensiones 19 cm.
594 ## - Nota al título y mención de responsabilidad
Nota al título y mención de responsabilidad Jane Dormer, duchesse de Feria. Margaret Clitherow. Luisa de Carvajal y Mendoza. Mary Ward.
600 14 - PUNTO DE ACCESO ADICIONAL DE MATERIA--NOMBRE DE PERSONA
Nombre de persona Carvajal y Mendoza, Luisa de.
9 (RLIN) 35949
650 #4 - PUNTO DE ACCESO ADICIONAL DE MATERIA--TÉRMINO DE MATERIA
Término de materia o nombre geográfico como elemento de entrada Persecuciones religiosas-
Subdivisión geográfica Gran Bretaña.
9 (RLIN) 140889
650 #4 - PUNTO DE ACCESO ADICIONAL DE MATERIA--TÉRMINO DE MATERIA
Término de materia o nombre geográfico como elemento de entrada Católicos-
Subdivisión geográfica Inglaterra.
9 (RLIN) 138203
852 4# - LOCALIZACIÓN
Ubicación ES-MaACL
Número de control de estantería E-12576
Nota libre . - Biblioteca Jacinto Martínez Lacalle
Holdings
Estatus retirado Estado de pérdida Estado de daño No para préstamo Colección Biblioteca de origen Biblioteca actual Ubicación en estantería Fecha de adquisición Fuente de adquisición Total de préstamos Signatura topográfica completa Código de barras Visto por última vez Precio de reemplazo Tipo de ítem Koha
        Libros del s. XIX Biblioteca del Ateneo de Madrid Biblioteca del Ateneo de Madrid Depósito 2 29/06/2009     E-12576 1180898 23/02/2023 23/02/2023 Libro impreso antiguo